Normal view
MARC view
- CREATIVE ABILITY, CREATIVE ABILITY IN BUSINESS, INTELLECTUAL PROPERTY
Entry Topical Term
001 - CONTROL NUMBER
- control field: 64592
003 - CONTROL NUMBER IDENTIFIER
- control field: NUST
005 - DATE AND TIME OF LATEST TRANSACTION
- control field: 20210628203313.0
008 - FIXED-LENGTH DATA ELEMENTS
- fixed length control field: 210628|| aca||aabn | a|a d
040 ## - CATALOGING SOURCE
- Original cataloging agency: NUST
- Transcribing agency: NUST
150 ## - HEADING--TOPICAL TERM
- Topical term or geographic name entry element: CREATIVE ABILITY, CREATIVE ABILITY IN BUSINESS, INTELLECTUAL PROPERTY
670 ## - SOURCE DATA FOUND
- Source citation: Work cat.: (NUST): Graham, Douglas , Bachman, Thomas T 64591, Ideation , the birth and death of ideas, 2004
